000 00544nam a22001817a 4500
005 20251108165539.0
008 250721s1993 xx 000 0 ara d
082 1 4 _aم/211.6/سيد
100 1 _aمرسي، سيد أحمد محسب
245 1 0 _aمعجم أسماء الله الحسنى /
264 1 _aبيروت :
_bالمكتبة الثقافية،
_c1993.
300 _a583ص
650 1 7 _aالقرآن الكريم
650 1 7 _aالفاظ القرآن
650 1 7 _aأحكام القرآن
942 _2ddc
_cREF
999 _c30465
_d30465